00446nam a2200157Ia 450000500170000000800410001704000190005804100120007708200150008910000210010424500710012526000360019630000110023265000350024385000100027820230417114226.0131103s9999 xx 000 0 und d aLoreto College aEnglish a823.6bSTE aSterne, Laurence 2aA sentimental journeyb through france and italy cLaurence Sterne aLondonbJ. M. dent & sonsc1938 a182p.  aEnglish literature -collection aLCLIB